Statistics for Count By 5's To 500

Click here to take the quiz!

General Stats

  • This quiz has been taken 16 times
  • The average score is 63 of 99

Answer Stats

Answer% Correct
10
100%
100
100%
105
100%
15
100%
20
100%
25
100%
30
100%
35
100%
40
100%
45
100%
5
100%
50
100%
55
100%
60
100%
65
100%
70
100%
75
100%
80
100%
85
100%
90
100%
95
100%
110
86%
115
86%
125
71%
130
71%
135
71%
140
71%
145
71%
150
71%
155
71%
160
71%
165
71%
170
71%
175
71%
180
71%
185
71%
190
71%
195
71%
200
71%
205
71%
210
71%
215
71%
220
71%
225
71%
230
71%
120
57%
240
57%
245
57%
250
57%
255
57%
260
57%
265
57%
270
43%
275
43%
280
43%
285
43%
290
43%
295
43%
300
43%
305
43%
310
43%
315
43%
320
43%
325
43%
330
43%
335
43%
340
43%
345
43%
350
43%
355
43%
360
43%
365
43%
370
43%
375
43%
380
43%
385
43%
390
43%
395
43%
400
43%
405
43%
410
43%
415
43%
420
43%
425
43%
430
43%
435
43%
440
43%
445
43%
450
43%
455
43%
460
43%
465
43%
470
43%
475
43%
480
43%
485
43%
490
43%
495
43%
500
43%

Score Distribution

Percentile by Number Answered

Percent of People with Each Score

Your Score History

You have not taken this quiz